[Event "21st Sants Open 2019"]
[Site "Cotxeres de Sants"]
[Date "2019.08.31"]
[Round "9.19"]
[White "Garcia Martinez, Hector"]
[Black "Paton Alvarez, Ivan"]
[Result "0-1"]
[WhiteElo "1547"]
[BlackElo "1544"]
[Annotator "NA RC"]
[PlyCount "118"]
[EventDate "2019.08.22"]
[EventType "swiss"]
[EventCountry "ESP"]
[SourceTitle "playchess.com"]
[Source "ChessBase"]
[SourceQuality "1"]
[TimeControl "40/5400+30:1800+30"]

1. e4 {[%emt 0:00:00]} c5 {[%emt 0:00:00]} 2. Nc3 {[%emt 0:00:00]} d6 {[%emt 0:00:00]} 3. f4 {[%emt 0:00:01]} Nc6 {[%emt 0:00:11]} 4. Bb5 {[%emt 0:00:52]} Bd7 {[%emt 0:00:40]} 5. Nf3 {[%emt 0:00:17]} a6 {[%emt 0:02:04]} 6. Bxc6 {[%emt 0:01:29]} Bxc6 {[%emt 0:00:30]} 7. d3 {[%emt 0:00:26]} Nf6 {[%emt 0:00:36]} 8. O-O {[%emt 0:00:24]} g6 {[%emt 0:08:25]} 9. Qe1 {[%emt 0:02:38]} Bg7 {[%emt 0:12:37]} 10. e5 {[%emt 0:12:29]} dxe5 {[%emt 0:10:49]} 11. fxe5 {[%emt 0:00:16]} Ng4 {[%emt 0:00:57]} 12. e6 {[%emt 0:11:36]} f5 {[%emt 0:17:05]} 13. h3 {[%emt 0:10:42]} Bxf3 {[%emt 0:03:39]} 14. Rxf3 {[%emt 0:04:26]} Bd4+ {[%emt 0:04:13]} 15. Kh1 {[%emt 0:01:46]} Ne5 {[%emt 0:00:45]} 16. Rf1 {[%emt 0:03:18]} O-O {[%emt 0:18:14]} 17. Ne2 {[%emt 0:02:30]} Nc6 {[%emt 0:04:04]} 18. Nxd4 {[%emt 0:02:25]} Nxd4 {[%emt 0:00:31]} 19. Qe5 {[%emt 0:21:32]} Qd6 {[%emt 0:01:27]} 20. Qxd6 {[%emt 0:03:09]} exd6 {[%emt 0:00:04]} 21. Bf4 {[%emt 0:00:07]} Nxe6 {[%emt 0:00:57]} 22. Bxd6 {[%emt 0:00:20]} Rfd8 {[%emt 0:00:03]} 23. Be5 {[%emt 0:01:07]} Nd4 {[%emt 0:01:32]} 24. c3 {[%emt 0:01:20]} Nc6 {[%emt 0:00:07]} 25. Bc7 {[%emt 0:01:13]} Rxd3 {[%emt 0:00:24]} 26. Rad1 {[%emt 0:00:25]} Rxd1 {[%emt 0:04:38]} 27. Rxd1 {[%emt 0:00:02]} Re8 {[%emt 0:00:16]} 28. Rd2 {[%emt 0:01:04]} Kf7 {[%emt 0:01:04]} 29. Kg1 {[%emt 0:00:16]} c4 {[%emt 0:01:55]} 30. Kf2 {[%emt 0:08:50]} Re7 {[%emt 0:00:54]} 31. Bd8 {[%emt 0:01:27]} Nxd8 {[%emt 0:01:00]} 32. Rxd8 {[%emt 0:00:02]} Kf6 {[%emt 0:00:32]} 33. Kf3 {[%emt 0:01:40]} Ke6 {[%emt 0:02:12]} 34. Kf4 {[%emt 0:03:19]} Kf6 {[%emt 0:02:10]} 35. Rd6+ {[%emt 0:01:04]} Re6 {[%emt 0:01:19]} 36. Rd7 {[%emt 0:01:15]} g5+ {[%emt 0:00:48]} 37. Kf3 {[%emt 0:00:19]} Rb6 {[%emt 0:00:32]} 38. Rd2 {[%emt 0:01:57]} a5 {[%emt 0:01:11]} 39. a4 {[%emt 0:01:19]} Rb3 {[%emt 0:00:32]} 40. Ke3 {[%emt 0:00:00]} Ke5 {[%emt 0:00:00]} 41. g3 {[%emt 0:04:39]} b5 {[%emt 0:02:48]} 42. axb5 {[%emt 0:02:02]} Rxb5 {[%emt 0:00:00]} 43. g4 {[%emt 0:10:33]} fxg4 {[%emt 0:01:25]} 44. hxg4 {[%emt 0:00:01]} Rd5 {[%emt 0:00:09]} 45. Re2 {[%emt 0:00:22]} Rd3+ {[%emt 0:00:15]} 46. Kf2+ {[%emt 0:00:03]} Kf4 {[%emt 0:00:27]} 47. Kg2 {[%emt 0:04:34]} Rg3+ {[%emt 0:00:47]} 48. Kh2 {[%emt 0:00:31]} Kf3 {[%emt 0:00:50]} 49. Re5 {[%emt 0:01:00]} Rxg4 {[%emt 0:00:20]} 50. Rxa5 {[%emt 0:00:16]} Rg2+ {[%emt 0:00:44]} 51. Kh1 {[%emt 0:02:15]} g4 {[%emt 0:01:32]} 52. Rf5+ {[%emt 0:01:30]} Kg3 {[%emt 0:00:13]} 53. Re5 {[%emt 0:03:53]} Rxb2 {[%emt 0:00:51]} 54. Re3+ {[%emt 0:00:02]} Kf4 {[%emt 0:01:11]} 55. Re1 {[%emt 0:03:55]} Rc2 {[%emt 0:00:40]} 56. Rf1+ {[%emt 0:00:07]} Kg5 {[%emt 0:00:47]} 57. Rf7 {[%emt 0:02:47]} h5 {[%emt 0:00:25]} 58. Rg7+ {[%emt 0:00:22]} Kh4 {[%emt 0:00:08]} 59. Rc7 {[%emt 0:00:33]} Kg3 {[%emt 0:00:11]} 0-1

[Event "21st Sants Open 2019"]
[Site "Cotxeres de Sants"]
[Date "2019.08.31"]
[Round "9.20"]
[White "Vadillo, Torre Ismael"]
[Black "Folch Brach, Jordi"]
[Result "1-0"]
[WhiteElo "1616"]
[BlackElo "1571"]
[Annotator "NA"]
[PlyCount "26"]
[EventDate "2019.08.22"]
[EventType "swiss"]
[EventCountry "ESP"]
[SourceTitle "playchess.com"]
[Source "ChessBase"]
[SourceQuality "1"]
[TimeControl "40/5400+30:1800+30"]

1. d4 {[%emt 0:00:00]} d5 {[%emt 0:00:00]} 2. Nf3 {[%emt 0:00:00]} Nf6 {[%emt 0:00:15]} 3. Bf4 {[%emt 0:00:00]} e6 {[%emt 0:01:39]} 4. h3 {[%emt 0:03:55]} Bd6 {[%emt 0:02:41]} 5. Qc1 Bxf4 6. Qxf4 {[%emt 0:04:50]} h6 {[%emt 0:01:00]} 7. Nbd2 {[%emt 0:10:37]} Nbd7 {[%emt 0:01:50]} 8. e4 {[%emt 0:03:43]} c6 {[%emt 0:02:04]} 9. e5 {[%emt 0:01:21]} Nh7 {[%emt 0:06:17]} 10. Bd3 {[%emt 0:06:52]} Ndf8 {[%emt 0:07:00]} 11. Qg4 {[%emt 0:06:44]} Rg8 {[%emt 0:01:52]} 12. O-O-O {[%emt 0:01:44]} Qe7 {[%emt 0:07:31]} 13. Nb3 g6 1-0

[Event "21st Sants Open 2019"]
[Site "Cotxeres de Sants"]
[Date "2019.09.01"]
[Round "10.2"]
[White "Bauer, Christian"]
[Black "Vaibhav, Suri"]
[Result "1/2-1/2"]
[WhiteElo "2626"]
[BlackElo "2591"]
[Annotator "TA"]
[PlyCount "81"]
[EventDate "2019.08.22"]
[EventType "swiss"]
[EventCountry "ESP"]
[SourceTitle "playchess.com"]
[Source "ChessBase"]
[SourceQuality "1"]

{[%evp 9,81,-6,-6,-17,0,0,-9,-11,-2,-8,-7,-13,-22,-23,-23,-31,-23,-23,-20,-26,-26,-39,-42,-47,-37,-41,-40,-32,-35,-59,-47,-58,0,-12,-11,0,0,-2,-2,-16,0,-25,-8,-83,-75,-79,-83,-101,-103,-130,-110,-119,-116,-112,-96,-100,-107,-107,-90,-109,-106,-116,-106,-116,-106,-99,0,-109,0,-101,0,-110,0,-110]} 1. c4 e5 2. Nc3 Nf6 3. Nf3 Nc6 4. a3 g6 5. e3 Bg7 6. Be2 {A28: English Opening: Four Knights Variation} O-O 7. d3 d5 8. cxd5 Nxd5 9. Qc2 (9. Bd2 a5 10. Rc1 Nde7 11. Ne4 h6 12. b4 axb4 13. axb4 {1-0 (74) Artemiev,V (2691)-Le,Q (2737) Huaian 2017}) 9... Nxc3 $146 ({Predecessor:} 9... Be6 10. O-O Qe7 11. Bd2 Rad8 {1-0 (51) Granda Zuniga,J (2586)-Cubas,J (2586) Florianopolis 2019}) 10. bxc3 Na5 11. Rb1 c5 12. c4 b6 13. O-O Bb7 14. Bd2 {Bxa5 is the strong threat.} Nc6 15. Bc3 Re8 16. Qb2 Qc7 17. Rfe1 Rad8 18. Nd2 f5 19. Rbd1 {[#]} Nd4 $1 {[%mdl 512]} 20. Bf1 (20. exd4 cxd4) 20... Bc6 21. Qa2 Ne6 {[%cal Bd4e6,Be6f8,Bf8d7,Bd7b8,Bb8a6,Ba6b4][%mdl 32]} 22. a4 $1 a5 23. Rb1 Rd6 24. Rb3 Nf8 25. Qa1 Nd7 26. Bb2 {[#]} (26. Rbb1 $11 {remains equal.}) 26... Nb8 $1 $17 27. e4 {[#]} f4 $1 28. Nf3 {[%cal Rf3e5]} Rd7 {[%cal Bd6d7,Bd7e7,Be7f7][%mdl 32]} 29. g3 fxg3 30. hxg3 Na6 31. Bh3 Rde7 32. Ra3 Nb4 33. Qd1 Rf8 34. Nh2 Qd6 35. Bc1 Ref7 36. Be3 Rd8 {[%cal Rb4d3]} 37. Bg5 Rdf8 38. Be3 $1 Rd8 {[%cal Rb4d3]} 39. Bg5 Rdf8 40. Be3 $1 Rd8 {[%cal Rb4d3]} 41. Bg5 {Accuracy: White = 57%, Black = 66%.} 1/2-1/2

[Event "21st Sants Open 2019"]
[Site "Cotxeres de Sants"]
[Date "2019.09.01"]
[Round "10.3"]
[White "Henriquez Villagra, Cristobal"]
[Black "Song, Raymond"]
[Result "1-0"]
[WhiteElo "2562"]
[BlackElo "2471"]
[Annotator "ChessBase"]
[PlyCount "57"]
[EventDate "2019.08.22"]
[EventType "swiss"]
[EventCountry "ESP"]
[SourceTitle "playchess.com"]
[Source "ChessBase"]
[SourceQuality "1"]
[TimeControl "40/5400+30:1800+30"]

1. e4 {[%emt 0:07:34]} c6 {[%emt 0:00:00]} 2. Nf3 {[%emt 0:00:37]} d5 {[%emt 0:00:00]} 3. d3 {[%emt 0:00:03]} g6 {[%emt 0:00:00]} 4. Qe2 {[%emt 0:05:06]} Bg7 {[%emt 0:01:50]} 5. g3 {[%emt 0:01:27]} d4 {[%emt 0:05:43]} 6. Bg2 {[%emt 0:10:13]} e5 {[%emt 0:00:05]} 7. O-O {[%emt 0:03:15]} Ne7 {[%emt 0:00:05]} 8. Nbd2 {[%emt 0:09:01]} O-O {[%emt 0:00:11]} 9. a4 {[%emt 0:03:00]} a5 {[%emt 0:00:31]} 10. Nc4 {[%emt 0:00:46]} b5 {[%emt 0:00:32]} 11. Na3 {[%emt 0:02:18]} Qb6 {[%emt 0:09:16]} 12. c3 {[%emt 0:05:13]} Na6 {[%emt 0:03:36]} 13. Bg5 {[%emt 0:10:55]} f6 {[%emt 0:09:40]} 14. Bd2 {[%emt 0:00:08]} Nc5 {[%emt 0:04:50]} 15. cxd4 {[%emt 0:03:54]} Nb3 {[%emt 0:00:06]} 16. dxe5 {[%emt 0:00:46]} Nxa1 {[%emt 0:00:34]} 17. Be3 {[%emt 0:00:46]} Qd8 {[%emt 0:02:13]} 18. exf6 {[%emt 0:01:18]} Bxf6 {[%emt 0:00:22]} 19. Rxa1 {[%emt 0:00:06]} bxa4 {[%emt 0:09:48]} 20. Nc4 {[%emt 0:02:59]} Ba6 {[%emt 0:05:52]} 21. Bh3 {[%emt 0:00:29]} Nc8 {[%emt 0:10:31]} 22. e5 {[%emt 0:01:46]} Bg7 {[%emt 0:09:21]} 23. Ng5 {[%emt 0:01:45]} Qe7 {[%emt 0:06:22]} 24. f4 {[%emt 0:00:35]} Rb8 {[%emt 0:04:19]} 25. Ne4 {[%emt 0:00:44]} Bxc4 {[%emt 0:02:46]} 26. dxc4 {[%emt 0:00:05]} Qb7 {[%emt 0:00:27]} 27. Bd4 {[%emt 0:02:05]} h6 {[%emt 0:01:07]} 28. Nc5 {[%emt 0:03:07]} Qe7 {[%emt 0:00:07]} 29. Nd7 {[%emt 0:01:00]} 1-0

[Event "21st Sants Open 2019"]
[Site "Cotxeres de Sants"]
[Date "2019.09.01"]
[Round "10.4"]
[White "Arenas, David"]
[Black "Antal, Gergely"]
[Result "1/2-1/2"]
[WhiteElo "2448"]
[BlackElo "2549"]
[Annotator "ChessBase"]
[PlyCount "80"]
[EventDate "2019.08.22"]
[EventType "swiss"]
[EventCountry "ESP"]
[SourceTitle "playchess.com"]
[Source "ChessBase"]
[SourceQuality "1"]
[TimeControl "40/5400+30:1800+30"]

1. e4 {[%emt 0:01:00]} c6 {[%emt 0:00:00]} 2. d4 {[%emt 0:00:26]} d5 {[%emt 0:00:02]} 3. e5 {[%emt 0:00:04]} c5 {[%emt 0:00:04]} 4. Nf3 {[%emt 0:00:07]} cxd4 {[%emt 0:01:28]} 5. Nxd4 {[%emt 0:00:11]} Nc6 {[%emt 0:00:08]} 6. c4 {[%emt 0:00:09]} e6 {[%emt 0:00:18]} 7. Nc3 {[%emt 0:00:13]} Bc5 {[%emt 0:01:18]} 8. Nxc6 {[%emt 0:01:56]} bxc6 {[%emt 0:00:07]} 9. Be2 {[%emt 0:00:06]} Ne7 {[%emt 0:14:03]} 10. O-O {[%emt 0:00:09]} Ng6 {[%emt 0:03:13]} 11. Na4 {[%emt 0:00:46]} Be7 {[%emt 0:00:07]} 12. f4 {[%emt 0:00:02]} O-O {[%emt 0:03:29]} 13. Be3 {[%emt 0:01:55]} f6 {[%emt 0:00:29]} 14. exf6 {[%emt 0:02:16]} Bxf6 {[%emt 0:01:27]} 15. Bd3 {[%emt 0:00:08]} Ne7 {[%emt 0:14:50]} 16. Qc2 {[%emt 0:15:37]} g6 {[%emt 0:02:40]} 17. Bc5 {[%emt 0:02:28]} Rf7 {[%emt 0:02:06]} 18. Rae1 {[%emt 0:02:57]} Nf5 {[%emt 0:02:17]} 19. b3 {[%emt 0:06:34]} Qc7 {[%emt 0:05:09]} 20. Qe2 {[%emt 0:09:52]} Bd7 {[%emt 0:01:31]} 21. Rc1 {[%emt 0:04:51]} Re8 {[%emt 0:09:46]} 22. cxd5 {[%emt 0:01:12]} cxd5 {[%emt 0:08:49]} 23. Kh1 {[%emt 0:11:07]} Qb8 {[%emt 0:04:58]} 24. Nc3 {[%emt 0:06:06]} Bc6 {[%emt 0:02:00]} 25. Qd2 {[%emt 0:04:52]} d4 {[%emt 0:06:57]} 26. Ne4 {[%emt 0:01:05]} Bg7 {[%emt 0:01:19]} 27. Rfe1 {[%emt 0:04:56]} Bh6 {[%emt 0:05:08]} 28. Bd6 {[%emt 0:10:30]} Nxd6 {[%emt 0:01:14]} 29. Rxc6 {[%emt 0:00:01]} Bxf4 {[%emt 0:01:00]} 30. Qe2 {[%emt 0:02:12]} Nxe4 {[%emt 0:04:34]} 31. Qxe4 {[%emt 0:00:02]} Be3 {[%emt 0:01:13]} 32. Rxe6 {[%emt 0:02:12]} Rxe6 {[%emt 0:00:04]} 33. Qxe6 {[%emt 0:00:02]} Kg7 {[%emt 0:00:16]} 34. Bc4 {[%emt 0:00:21]} Rf5 {[%emt 0:00:26]} 35. Qd7+ {[%emt 0:06:54]} Kh6 {[%emt 0:00:30]} 36. Rf1 {[%emt 0:00:42]} Rxf1+ {[%emt 0:03:03]} 37. Bxf1 {[%emt 0:00:01]} Qf4 {[%emt 0:00:07]} 38. Qh3+ {[%emt 0:00:08]} Kg7 {[%emt 0:00:41]} 39. Qd7+ {[%emt 0:00:03]} Kh6 {[%emt 0:00:09]} 40. Qh3+ {[%emt 0:00:00]} Kg7 {[%emt 0:00:00]} 1/2-1/2

[Event "21st Sants Open 2019"]
[Site "Cotxeres de Sants"]
[Date "2019.09.01"]
[Round "10.5"]
[White "Arjun Kalyan"]
[Black "Gokerkan, Cem Kaan"]
[Result "0-1"]
[WhiteElo "2482"]
[BlackElo "2421"]
[Annotator "ChessBase"]
[PlyCount "90"]
[EventDate "2019.08.22"]
[EventType "swiss"]
[EventCountry "ESP"]
[SourceTitle "playchess.com"]
[Source "ChessBase"]
[SourceQuality "1"]
[TimeControl "40/5400+30:1800+30"]

1. e4 {[%emt 0:00:00]} c5 {[%emt 0:05:01]} 2. Nf3 {[%emt 0:00:00]} d6 {[%emt 0:00:06]} 3. d4 {[%emt 0:00:00]} cxd4 {[%emt 0:00:21]} 4. Nxd4 {[%emt 0:00:00]} Nf6 {[%emt 0:00:03]} 5. Nc3 {[%emt 0:00:00]} a6 {[%emt 0:00:04]} 6. Be3 {[%emt 0:00:19]} e5 {[%emt 0:00:51]} 7. Nf3 {[%emt 0:00:10]} Qc7 {[%emt 0:01:31]} 8. a4 {[%emt 0:00:50]} Be7 {[%emt 0:00:28]} 9. a5 {[%emt 0:00:23]} O-O {[%emt 0:00:15]} 10. Be2 {[%emt 0:00:43]} Qc6 {[%emt 0:02:10]} 11. Bg5 {[%emt 0:13:16]} Be6 {[%emt 0:02:52]} 12. Bxf6 {[%emt 0:07:42]} Bxf6 {[%emt 0:00:09]} 13. O-O {[%emt 0:00:19]} Nd7 {[%emt 0:09:14]} 14. Nd5 {[%emt 0:02:21]} Bxd5 {[%emt 0:12:12]} 15. exd5 {[%emt 0:00:06]} Qc7 {[%emt 0:00:25]} 16. Nd2 {[%emt 0:02:42]} Bg5 {[%emt 0:00:59]} 17. c4 {[%emt 0:06:23]} f5 {[%emt 0:00:18]} 18. b4 {[%emt 0:00:25]} Rae8 {[%emt 0:08:46]} 19. Qc2 {[%emt 0:04:44]} e4 {[%emt 0:06:19]} 20. f4 {[%emt 0:01:32]} Bf6 {[%emt 0:01:31]} 21. Rac1 {[%emt 0:02:08]} g5 {[%emt 0:03:05]} 22. g3 {[%emt 0:01:09]} gxf4 {[%emt 0:01:42]} 23. gxf4 {[%emt 0:00:02]} b6 {[%emt 0:01:22]} 24. Qa2 {[%emt 0:13:53]} bxa5 {[%emt 0:00:58]} 25. c5 {[%emt 0:00:18]} axb4 {[%emt 0:04:14]} 26. cxd6 {[%emt 0:01:02]} Qxd6 {[%emt 0:20:41]} 27. Rc6 {[%emt 0:01:20]} Qb8 {[%emt 0:00:01]} 28. Nb3 {[%emt 0:06:16]} Qa7+ {[%emt 0:03:08]} 29. Kh1 {[%emt 0:00:01]} Kh8 {[%emt 0:00:23]} 30. Rxa6 {[%emt 0:10:34]} Qe3 {[%emt 0:00:30]} 31. Bb5 {[%emt 0:00:29]} Re7 {[%emt 0:03:24]} 32. Ra8 {[%emt 0:03:47]} Nb8 {[%emt 0:02:29]} 33. d6 {[%emt 0:01:38]} Rg7 {[%emt 0:00:02]} 34. Bc4 {[%emt 0:00:09]} Qb6 {[%emt 0:04:43]} 35. Rd1 {[%emt 0:03:26]} Qc6 {[%emt 0:01:34]} 36. Qa6 {[%emt 0:00:02]} Qe8 {[%emt 0:01:22]} 37. d7 {[%emt 0:06:57]} Qg6 {[%emt 0:01:45]} 38. Qa2 {[%emt 0:00:42]} Nxd7 {[%emt 0:00:38]} 39. Ra7 {[%emt 0:02:50]} Nb6 {[%emt 0:01:20]} 40. Rxg7 {[%emt 0:00:00]} Bxg7 {[%emt 0:00:00]} 41. Rg1 {[%emt 0:01:13]} Qh6 {[%emt 0:05:14]} 42. Nc5 {[%emt 0:01:09]} Ra8 {[%emt 0:11:00]} 43. Qe2 {[%emt 0:03:08]} Nxc4 {[%emt 0:00:28]} 44. Qxc4 {[%emt 0:00:09]} Qxf4 {[%emt 0:00:23]} 45. Rf1 {[%emt 0:00:14]} Qxf1+ {[%emt 0:00:22]} 0-1

[Event "21st Sants Open 2019"]
[Site "Cotxeres de Sants"]
[Date "2019.09.01"]
[Round "10.6"]
[White "Gines Esteo, Pedro Antonio"]
[Black "Idani, Pouya"]
[Result "1/2-1/2"]
[WhiteElo "2417"]
[BlackElo "2581"]
[Annotator "ChessBase"]
[PlyCount "67"]
[EventDate "2019.08.22"]
[EventType "swiss"]
[EventCountry "ESP"]
[SourceTitle "playchess.com"]
[Source "ChessBase"]
[SourceQuality "1"]
[TimeControl "40/5400+30:1800+30"]

1. Nf3 d6 2. d4 g6 3. Bg5 Bg7 4. c3 Nf6 5. Nbd2 O-O 6. e4 Nc6 7. Be2 e5 8. dxe5 dxe5 9. O-O h6 10. Bh4 Qe8 11. Re1 Nh5 12. Nc4 Nf4 13. Bf1 Be6 14. Nfd2 g5 15. Bg3 Rd8 16. Qc2 h5 17. f3 f6 18. Ne3 Rf7 19. b4 Rfd7 20. Nb3 Bf8 21. Rad1 Rxd1 22. Rxd1 Rxd1 23. Qxd1 Qd8 24. Qxd8 Nxd8 25. Bf2 Kf7 26. g3 Ng6 27. Bc4 Bxc4 28. Nxc4 b6 29. Kf1 Ke6 30. Ke2 Nb7 31. a4 Ne7 32. Kd3 Nc8 33. Nbd2 a6 34. h3 1/2-1/2

[Event "21st Sants Open 2019"]
[Site "Cotxeres de Sants"]
[Date "2019.09.01"]
[Round "10.7"]
[White "Hillarp Persson, Tiger"]
[Black "Harikrishnan.A.Ra"]
[Result "0-1"]
[WhiteElo "2558"]
[BlackElo "2411"]
[Annotator "ChessBase"]
[PlyCount "67"]
[EventDate "2019.08.22"]
[EventType "swiss"]
[EventCountry "ESP"]
[SourceTitle "playchess.com"]
[Source "ChessBase"]
[SourceQuality "1"]
[TimeControl "40/5400+30:1800+30"]

1. c4 {[%emt 0:00:24]} e5 {[%emt 0:00:00]} 2. e3 {[%emt 0:00:16]} Nc6 {[%emt 0:00:58]} 3. Nc3 {[%emt 0:00:43]} f5 {[%emt 0:00:49]} 4. a3 {[%emt 0:09:35]} Nf6 {[%emt 0:00:42]} 5. d4 {[%emt 0:00:26]} d6 {[%emt 0:05:03]} 6. Be2 {[%emt 0:10:54]} g6 {[%emt 0:03:11]} 7. d5 {[%emt 0:01:45]} Ne7 {[%emt 0:00:56]} 8. Nf3 {[%emt 0:02:15]} Bg7 {[%emt 0:01:01]} 9. b4 {[%emt 0:02:42]} O-O {[%emt 0:01:13]} 10. Bb2 {[%emt 0:01:48]} h6 {[%emt 0:04:36]} 11. Qc2 {[%emt 0:08:58]} a5 {[%emt 0:05:10]} 12. O-O {[%emt 0:00:28]} g5 {[%emt 0:02:01]} 13. Nd2 {[%emt 0:00:07]} f4 {[%emt 0:04:30]} 14. Nb3 {[%emt 0:02:05]} Nf5 {[%emt 0:11:46]} 15. Nxa5 {[%emt 0:13:07]} fxe3 {[%emt 0:14:07]} 16. Nb3 {[%emt 0:00:40]} c6 {[%emt 0:12:10]} 17. dxc6 {[%emt 0:03:07]} bxc6 {[%emt 0:01:53]} 18. Nd1 {[%emt 0:10:34]} exf2+ {[%emt 0:03:55]} 19. Rxf2 {[%emt 0:01:00]} e4 {[%emt 0:06:03]} 20. Rxf5 {[%emt 0:03:04]} Bxf5 {[%emt 0:00:22]} 21. Ne3 {[%emt 0:00:08]} Bg6 {[%emt 0:03:03]} 22. c5 {[%emt 0:04:08]} Nd5 {[%emt 0:04:44]} 23. Nxd5 {[%emt 0:04:32]} Bxb2 {[%emt 0:01:50]} 24. Qxb2 {[%emt 0:00:37]} cxd5 {[%emt 0:00:10]} 25. c6 {[%emt 0:03:17]} e3 {[%emt 0:04:11]} 26. Bf3 {[%emt 0:04:19]} Be4 {[%emt 0:01:56]} 27. Bxe4 {[%emt 0:04:47]} dxe4 {[%emt 0:00:01]} 28. h3 {[%emt 0:04:46]} e2 {[%emt 0:00:49]} 29. Nd4 {[%emt 0:03:26]} Qb6 {[%emt 0:02:33]} 30. Kh2 {[%emt 0:00:31]} Rxa3 {[%emt 0:02:11]} 31. Qxa3 {[%emt 0:00:26]} Qxd4 {[%emt 0:00:01]} 32. c7 {[%emt 0:00:26]} Qe5+ {[%emt 0:01:11]} 33. Kg1 {[%emt 0:00:26]} Qf6 {[%emt 0:00:40]} 34. Qa6 0-1

[Event "21st Sants Open 2019"]
[Site "Cotxeres de Sants"]
[Date "2019.09.01"]
[Round "10.8"]
[White "Sardana, Rishi"]
[Black "Hoffman, Alejandro"]
[Result "1-0"]
[WhiteElo "2410"]
[BlackElo "2454"]
[Annotator "RC"]
[PlyCount "123"]
[EventDate "2019.08.22"]
[EventType "swiss"]
[EventCountry "ESP"]
[SourceTitle "playchess.com"]
[Source "ChessBase"]
[SourceQuality "1"]
[TimeControl "40/5400+30:1800+30"]

1. e4 {[%emt 0:00:32]} e5 {[%emt 0:00:00]} 2. Nf3 {[%emt 0:00:13]} d6 {[%emt 0:00:00]} 3. d4 {[%emt 0:00:21]} exd4 {[%emt 0:00:05]} 4. Nxd4 {[%emt 0:00:03]} Nf6 {[%emt 0:00:08]} 5. Nc3 {[%emt 0:00:05]} Be7 {[%emt 0:00:06]} 6. Qf3 {[%emt 0:00:06]} O-O {[%emt 0:00:35]} 7. Nf5 {[%emt 0:00:06]} Bxf5 {[%emt 0:01:17]} 8. Qxf5 {[%emt 0:00:06]} c6 {[%emt 0:09:53]} 9. Be3 {[%emt 0:17:39]} Nbd7 {[%emt 0:01:27]} 10. O-O-O {[%emt 0:02:32]} b5 {[%emt 0:05:04]} 11. f3 {[%emt 0:05:11]} Re8 {[%emt 0:02:29]} 12. h4 {[%emt 0:06:29]} Bf8 {[%emt 0:04:32]} 13. g4 {[%emt 0:03:21]} b4 {[%emt 0:16:42]} 14. Ne2 {[%emt 0:00:45]} g6 {[%emt 0:19:21]} 15. Qf4 {[%emt 0:00:30]} d5 {[%emt 0:01:01]} 16. h5 {[%emt 0:19:55]} Bg7 {[%emt 0:11:41]} 17. hxg6 {[%emt 0:00:13]} hxg6 {[%emt 0:02:52]} 18. Qh2 {[%emt 0:03:45]} Qe7 {[%emt 0:03:57]} 19. Bh6 {[%emt 0:06:04]} Qf8 {[%emt 0:00:54]} 20. Bf4 {[%emt 0:01:49]} Qc5 {[%emt 0:00:29]} 21. Bh6 {[%emt 0:16:33]} Qf8 {[%emt 0:00:07]} 22. Bxg7 {[%emt 0:01:51]} Qxg7 {[%emt 0:00:07]} 23. Ng3 {[%emt 0:00:02]} Nh7 {[%emt 0:14:54]} 24. exd5 {[%emt 0:01:07]} cxd5 {[%emt 0:00:07]} 25. Bb5 {[%emt 0:00:14]} Red8 {[%emt 0:00:47]} 26. Kb1 {[%emt 0:06:22]} Ne5 {[%emt 0:01:22]} 27. Be2 {[%emt 0:01:59]} Rac8 {[%emt 0:00:19]} 28. Rdg1 {[%emt 0:01:05]} Nf8 {[%emt 0:01:50]} 29. Nf5 {[%emt 0:00:53]} gxf5 {[%emt 0:00:18]} 30. gxf5 {[%emt 0:00:06]} Neg6 {[%emt 0:00:05]} 31. fxg6 {[%emt 0:00:44]} fxg6 {[%emt 0:00:08]} 32. f4 {[%emt 0:01:00]} a5 {[%emt 0:01:12]} 33. Bd3 {[%emt 0:00:59]} Rc6 {[%emt 0:01:01]} 34. Qh4 {[%emt 0:01:17]} Rb8 {[%emt 0:00:46]} 35. Qg5 {[%emt 0:00:24]} Rd6 {[%emt 0:00:41]} 36. b3 {[%emt 0:00:48]} a4 {[%emt 0:00:18]} 37. bxa4 {[%emt 0:00:08]} Ra8 {[%emt 0:01:01]} 38. Bb5 {[%emt 0:00:20]} Rc8 {[%emt 0:00:16]} 39. Bd3 {[%emt 0:02:29]} Qc3 {[%emt 0:00:49]} 40. f5 {[%emt 0:00:00]} b3 {[%emt 0:00:00]} 41. axb3 {[%emt 0:03:25]} Rb6 {[%emt 0:00:50]} 42. Ka2 {[%emt 0:09:40]} Ra8 {[%emt 0:00:44]} 43. Qc1 {[%emt 0:01:46]} Rb4 {[%emt 0:00:31]} 44. Qa3 {[%emt 0:01:11]} Qd4 {[%emt 0:01:00]} 45. fxg6 {[%emt 0:07:22]} Rbxa4 {[%emt 0:03:30]} 46. bxa4 {[%emt 0:00:19]} Rxa4 {[%emt 0:00:07]} 47. g7 {[%emt 0:00:58]} Rxa3+ {[%emt 0:00:20]} 48. Kxa3 {[%emt 0:00:02]} Qc3+ {[%emt 0:04:52]} 49. Ka2 {[%emt 0:00:03]} Qa5+ {[%emt 0:00:15]} 50. Kb1 {[%emt 0:00:08]} Qb4+ {[%emt 0:00:07]} 51. Kc1 {[%emt 0:00:04]} Qf4+ {[%emt 0:00:12]} 52. Kd1 {[%emt 0:00:35]} Ng6 {[%emt 0:00:22]} 53. Bxg6 {[%emt 0:00:51]} Qf3+ {[%emt 0:00:28]} 54. Kd2 {[%emt 0:00:09]} Qf2+ {[%emt 0:19:55]} 55. Kc3 {[%emt 0:03:21]} Qc5+ {[%emt 0:00:36]} 56. Kd3 {[%emt 0:00:57]} Qc4+ {[%emt 0:01:18]} 57. Ke3 {[%emt 0:01:33]} Qc5+ {[%emt 0:02:11]} 58. Ke2 {[%emt 0:00:24]} Kxg7 {[%emt 0:00:44]} 59. Bd3+ {[%emt 0:00:12]} Kf6 {[%emt 0:00:13]} 60. Rg6+ {[%emt 0:00:18]} Kf7 {[%emt 0:01:04]} 61. Rh7+ {[%emt 0:00:08]} Kf8 {[%emt 0:00:13]} 62. Ra6 {[%emt 0:00:33]} 1-0